000 01333nam a2200253Ia 4500
001 18554
003 GE_BSU
008 181216s||||||||xx |||||||||||||| ||und||
020 _a9789941949326
040 _cGE_BSU
080 _a338(076)+005.5
100 _aვანიშვილი,მერაბ, ბადრი ,გეჩბაია.
245 _aმენეჯერული ეკონომიკა
245 _bმეთოდური რეკომენდაციები:სემინარული და პრაქტიკული მეცადინეობის ჩასატარებლად ,,ბიზნესის ადმინისტრირების"სამაგისტრო საგანმანათლებლო პროგრამის სტუდენტებისათვის
250 _aეკონომიკური კვლევების ეროვნული ინსტიტუტი
260 _aთბილისი,ბათუმი
260 _bკალმოსანი
260 _c2016
300 _a125გვ;20სმ.
653 _aეკონომიკა
653 _aმენეჯერული ეკონომიკა
653 _aმენეჯმენტი
942 _cBK
999 _c51563
_d51563